000 00328nam a2200133Ia 4500
008 220613s9999||||xx |||||||||||||| ||und||
100 _aMary E Klingensmith
245 4 _aThe washington manual of Surgery
250 _a6th(2012)
260 _bLippincott Williams & Wilkins
300 _a930
650 _aSurgery
942 _cSURG
999 _c9481
_d9481